000 02168nam a22003377a 4500
005 20110802103824.0
008 090728t xxu||||| |||| 00| 0 pun d
010 _aPUN-6894 B-465215-219
020 _c275.00
_a9788182992078
035 _aPN-6012 B-465215-219
037 _bDBAD / PUB
037 _bKKP/Vender
040 _adpl
_bpn
082 _a
100 _924414
_aਸਿੱਧੂ, ਪਰਗਟ ਸਿੰਘ
245 _aਘਰਾਂ ਨੂੰ ਪਰਤਣ ਦਾ ਸਮਾਂ /
_cਪਰਗਟ ਸਿੰਘ ਸਿੱਧੂ
246 _aGharan nu partan da sama
_bby Pargat Singh Sidhu
260 _aDelhi
_bArsee Publishers
_c2011
270 _a51, Parda bagh, Darya ganj,
_bNew Delhi-
_e110002
_k011-23280657
300 4 _a214 ਸਫੇ
_c22ਸੇਮੀ (ਸਜਿਲੱਦ)
650 _924412
650 _924431
942 _2ddc
_cPN
_h
_mਸਿੱਧੂਪ
999 _c54763
_d54763